Francès
Publicado:
Barcelona :
Diputació de Barcelona. Àrea d'Educació. Centre de Formació d'Adults Can Batlló, [2008]
Descripción Física:
142 p. ; 30 cm
Materias:
Francès -- Problemes, exercicis, etc.
MARC
| LEADER | 00000nam a2200000Ia 4500 | ||
|---|---|---|---|
| 001 | 20656, 21851 | ||
| 008 | 160829s9999 xx 000 0 cat d | ||
| 080 | |a E-1-304, E-1-344 | ||
| 245 | |a Francès | ||
| 260 | |a Barcelona : |b Diputació de Barcelona. Àrea d'Educació. Centre de Formació d'Adults Can Batlló, [2008] | ||
| 300 | |a 142 p. ; |c 30 cm | ||
| 590 | |a Prova d'accés a la universitat per als més grans de 25 anys | ||
| 650 | |a Francès |x Problemes, exercicis, etc. |9 38565 | ||
| 710 | |a Barcelona (Catalunya : Província). |b Àrea d'Educació |9 8009 | ||
| 710 | 2 | |a Centre de Formació d'Adults Can Batlló |9 55011 | |
| 866 | |a 2008, 2009 | ||
| 901 | |a Arxiu | ||
| 942 | |n 1 | ||
| 952 | |0 0 |1 0 |4 0 |6 E1304_E1344 |7 1 |9 48936 |a Arxiu |b Arxiu |d 2016-12-01 |l 0 |o E-1-304, E-1-344 |p 20656, 21851 |r 2016-12-01 00:00:00 |w 2016-12-01 |y ARXIU | ||
| 999 | |c 52771 |d 52771 | ||